00208 a2200109 4500001000700000020000600007040001100013100001800024240002600042245002100068362000900089176757 a  cMagnum aDorin, Lannoy10aA procura do sollpor10aA procura do sol0 a1899